000 01620nam a22003257a 4500
003 OSt
005 20230706094536.0
008 170318s2016 gt||||| |||| 00| 0 spa d
040 _cLado V
082 0 4 _a306.4
_bR786c
100 _9866
_aRoque Baldovinos, Ricardo
_edirectora
245 1 0 _aCultura/
_bRevista del consejo nacional para la cultura y el arte/
260 _bConsejo Nacional de Cultura
_c1999
_aCosta Rica
300 _a198p.
_c24x18cm
490 _a84
_v1999
505 _aEditorial
505 _aENSAYOS
_tDe como el personaje fue maestro y el autor su aprendiz La historia cifrada El drama del purgatorio plasmado en una pintura colonial Las ideas filosóficas en El Salvador La religión del arte Carlos Martínez Rivas y la soledad de las ciudades
505 _aENTREVISTA
_tAlvaro Mendez Leal
505 _aPOESÍA
_tCOMARCAS
505 _aESPECIAL
_tNueva cuentistica salvadoreña Una pequeña libreta de apuntes Cementerio de carrosMujeres en el rincón Razor Correspondencia de abril Vaca
505 _aCOMENTARIOS
_tRetorno a los clásicos En el centenario de Xavier Zubiri Saramago Reinventando el 68 francés Los cuentos Sucios
505 _aTINTA FRESCA
650 _2Tesauro de Arte & Arquitectura
_aCULTURA
650 _2Tesauro de Arte & Arquitectura
_aENSAYOS
650 _2Tesauro de Arte & Arquitectura
_aENTREVISTA
650 _2Tesauro de Arte & Arquitectura
_aPOESIA
650 _2Tesauro de Arte & Arquitectura
_aCRITICA
700 1 _aSvankmajer.
_eilustrador.
_95749
942 _2ddc
_c1
_h306.4
_iR786c
_n0
999 _c3981
_d3981